| 000 | 01161nam0a22002651 4500 | ||
|---|---|---|---|
| 001 | rc\177140 | ||
| 005 | 20030307113327.6 | ||
| 010 |
_a5-10-002968-4 _92100 |
||
| 035 | _a(NLR Aleph) 005437834 | ||
| 090 |
_a4725299 _c4725299 |
||
| 100 | _a20030307d1996 u |0rusy50 ca | ||
| 101 | 0 | _arus | |
| 102 | _aRU | ||
| 105 | _aa ||||||||| | ||
| 200 | 1 |
_aПрактикум по электроприводу в сельском хозяйстве _e[Для с.-х. вузов по специальностям "Электрификация и автоматизация сел. хоз-ва" и "Механизация сел. хоз-ва" _fП.И. Савченко и др.] _gПод ред. П.И. Савченко |
|
| 210 |
_aМ. _cКолос _d1996 |
||
| 215 |
_a223, [1] с. _cил. _d22 |
||
| 225 | 1 | _aУчебники и учебные пособия для студентов высших учебных заведений | |
| 320 | _aБиблиогр.: с. 220 (15 назв.) | ||
| 702 | 1 |
_aСавченко _bП. И. _gПетр Ильич _4220 |
|
| 801 | 0 |
_aRU _bNLR _gpsbo |
|
| 801 | 1 |
_aRU _bELAR _2rusmarc |
|
| 852 |
_aNLR _j96-3/7169 |
||
| 942 | _cBOOK | ||
| 980 | _aNB | ||